| 000 | 01731nam a2200301Ia 4500 | ||
|---|---|---|---|
| 999 |
_c55068 _d55068 |
||
| 001 | 22143 | ||
| 003 | GE_BSU | ||
| 005 | 20221202111525.0 | ||
| 008 | 181216s ||||ge |||||||||||||| ||geo|| | ||
| 020 | _a978-9941-21-265 | ||
| 040 | _cGE_BSU | ||
| 041 | _ageo | ||
| 080 | _a338.22+005.7 გ-96 | ||
| 245 |
_aგუნდის არქიტექტურა : _b ჟურნალ "სტრატეგია და ორგანიზაციის" საუკეთესო სტატიების კრებული / _cრედ. : იულონ ტოლიაშვილი, ხათუნა ნონიაშვილი ; ილ. თამარ ცანავა. |
||
| 264 |
_aთბილისი : _bპალიტრა L, _c2013. |
||
| 300 |
_a176 გვ. ; _c20 სმ. |
||
| 490 | _aსინერჯი ჯგუფის წიგნები 2298-0415 | ||
| 541 | _h9ლ. | ||
| 653 | _aგუნდის არქიტექტურა | ||
| 653 | _aჟურნალ "სტრატეგია და ორგანიზაციის" საუკეთესო სტატიების კრებული | ||
| 653 | _aეკონომიკა | ||
| 653 | _aმენეჯმენტი | ||
| 653 | _aორგანიზაციის მენეჯმენტი. გუნდური მართვა. ბიზნესი. | ||
| 700 |
_aტოლიაშვილი, იულონ _eრედაქტორი _96396 |
||
| 700 |
_aნონიაშვილი, ხათუნა _eრედაქტორი _915791 |
||
| 700 |
_aცანავა, თამარ _eილუსტრაცია _916307 |
||
| 942 |
_cBK _2udc |
||